JR東日本のみどりの窓口がある駅サドンデス① - Statistics

General Stats
  • This quiz has been taken 869 times
  • The average score is 5 of 50
Answers on the Grid
Answers color-coded by a green-red scale on the quiz's grid according to % correct below.
上尾
旭(千葉)
我孫子
荒川沖
安房鴨川
飯田橋
池袋
石岡
伊勢崎
磯子
市川
伊東
稲毛
牛久
恵比寿
海老名
塩山
王子
青梅
大網
大井町
大崎
荻窪
海浜幕張
笠間
鹿島田
上総一ノ宮
勝浦
勝田
河辺
蒲田
上菅谷
神田(東京)
関内
木更津
北千住
桐生
久里浜
黒磯
鴻巣
古河
小金井
国分寺
児玉
五反田
小淵沢
高麗川
さいたま新都心
相模原
佐野
寒川
佐原
渋川
渋谷
下館
新浦安
新小岩
新杉田
新前橋
新松戸
新横浜
巣鴨
逗子
蘇我
高尾(東京)
高崎問屋町
高田馬場
高萩
館山
銚子
辻堂
津田沼
鶴見
友部
取手
長津田
中之条
長野原草津口
中山(神奈川)
成田
成田空港
成東
西船橋
日光
二宮
韮崎
沼田
野辺山
登戸
拝島
蓮田
浜松町
東神奈川
東所沢
東戸塚
東松戸
日立
常陸大宮
常陸大子
ひたち野うしく
深谷
府中本町
宝積寺
本庄
本庄早稲田
舞浜
前橋
真鶴
三鷹
水上
南浦和
武蔵境
武蔵溝ノ口
目黒
八街
湯本
横須賀
四街道
四ツ谷
龍ケ崎市
 
Answer Stats
Answer % Correct
池袋
55%
上尾
29%
渋谷
23%
飯田橋
20%
市川
19%
北千住
19%
成田空港
17%
伊東
15%
荒川沖
14%
海老名
14%
三鷹
12%
新浦安
11%
石岡
10%
木更津
10%
国分寺
10%
津田沼
10%
蘇我
9%
前橋
9%
目黒
9%
牛久
8%
関内
8%
日立
8%
舞浜
8%
武蔵溝ノ口
8%
鹿島田
7%
勝田
7%
蒲田
7%
登戸
7%
ひたち野うしく
7%
本庄早稲田
7%
横須賀
7%
龍ケ崎市
7%
鴻巣
6%
相模原
6%
下館
6%
新小岩
6%
新杉田
6%
高崎問屋町
6%
鶴見
6%
日光
6%
宝積寺
6%
本庄
6%
寒川
5%
新松戸
5%
二宮
5%
東神奈川
5%
常陸大子
5%
真鶴
5%
辻堂
4%
成東
4%
No matching quizzes found
Score Distribution
Percent of People with Each Score
Percentile by Number Answered
Your Score History
You have not taken this quiz